Second-order methods for neural networks : fast and reliable training methods for multi-layer perceptrons
Αποθηκεύτηκε σε:
| Κύριος συγγραφέας: | |
|---|---|
| Μορφή: | Βιβλίο |
| Γλώσσα: | English |
| Δημοσίευση: |
London :
Springer,
c1997.
|
| Σειρά: | Perspectives in neural computing
|
| Θέματα: | |
| Ετικέτες: |
Προσθήκη ετικέτας
Δεν υπάρχουν, Καταχωρήστε ετικέτα πρώτοι!
|
MARC
| LEADER | 00000cam a2200000 i 4500 | ||
|---|---|---|---|
| 001 | 1/12676 | ||
| 008 | 001013s1997 enk| ||| |||| ||eng|| | ||
| 020 | |a 3540761004 | ||
| 035 | |l 10064295 | ||
| 040 | |a GR-MyUA |b gre |e AACR2 | ||
| 041 | 0 | |a eng | |
| 082 | 0 | |a 006.3 |2 (21) | |
| 100 | 1 | |a Shepherd, Adrian J., |d 1961- | |
| 245 | 1 | 0 | |a Second-order methods for neural networks : |b fast and reliable training methods for multi-layer perceptrons / |c Adrian J. Shepherd. |
| 260 | |a London : |b Springer, |c c1997. | ||
| 300 | |a xiv, 145 σ. : |b εικ. ; |c 24 εκ. | ||
| 490 | 1 | |a (Perspectives in neural computing) | |
| 504 | |a Περιέχει βιβλιογραφικές αναφορές και ευρετήριο. | ||
| 650 | 0 | 0 | |a Perceptrons. |
| 650 | 0 | 0 | |a Neural networks (Computer science) |
| 830 | 0 | |a Perspectives in neural computing | |
| 852 | |a INST |b SAMOS |e 20001013 |h 006.3 SHE |p 005300018781 |q 005300018781 |t BK |y 0 | ||
| 852 | |a INST |b SAMOS |e 20001013 |h 006.3 SHE |p 005300018810 |q 005300018810 |t BK |y 0 | ||
| 852 | |a INST |b SYROS |e 20001013 |h 006.3 SHE |p 005500000443 |q 005500000443 |t BK |y 0 | ||
| 901 | |a BIBL3-2000-3 | ||
| 909 | |a Σ |b 079724 | ||
| 909 | |a Σ |b 079725 | ||
| 909 | |a Ε |b 079726 | ||
| 922 | |a 3ΕΛΗ |b 200002 |c ΤΠΕΣ/ΠΟΛ |d LEADER | ||
| 922 | |a 5ΕΛΗ |b 200002 |c ΤΠΕΣ/ΠΟΛ |d LEADER | ||
| 970 | |a ΚΟΣΙΕΡΗΣ |b ΧΡΗΣΤΟΣ |z 2000/10/13 | ||